| 000 | 00333nam a2200109Ia 4500 | ||
|---|---|---|---|
| 008 | 220204s9999 xx 000 0 und d | ||
| 082 |
_a339.166.5 _bGAN |
||
| 100 | _aGanguli, Prabudha | ||
| 245 | 0 | _aIntellectual property rights : Unleashing the knowledge economy | |
| 260 |
_aNew Delhi _bTata McGraw-Hill Publishing _c2001 |
||
| 942 | _cBK | ||
| 999 |
_c42101 _d42101 |
||